=LDR 00000nam 2200000 4500 =001 INLIS00000000000119 =005 20260702043538 =020 ##$$a 978-623-5436-04-3 =082 ##$$a 006.584 =100 1#$$a Arifin, Syamsul =245 1 $$a What'S The Matter With Insecurity Life: Saatnya Berdamai Dengan Ketidaksempurnaan /$c Syamsul Arifin =300 ##$$a xii +128 hlm. ; 13,5x20 cm